Flagi państw graniczących z Turcją - Statystyki

Ogólne statystyki
  • Ten quiz został rozwiązany 34 razy
  • Średni wynik to 8 z 8
Statystyki odpowiedzi
Obrazkowy Odpowiedź % Poprawnych
Grecja
100%
Bułgaria
97%
Gruzja
97%
Irak
97%
Iran
97%
Armenia
93%
Azerbejdżan
93%
Syria
86%
Nie znaleziono quizów pasujących do podanych kryteriów
Rozkład punktacji
Procent ludzi z każdym wynikiem
Percentyl według liczby udzielonych odpowiedzi
Twoja historia wyników
Nie rozwiązałeś tego quizu